000 00879nam a22002177a 4500
005 20240530110627.0
008 170108s2014 ua g b 000 0 ara d
017 _a2014/8938
_bمصر. دار الكتب
020 _a9789773223298
040 _aEG-CaGPL
_cEG-CaGPL
082 0 4 _221
_a398.27
_bط م
100 0 _aطلعت عبدالعزيز ابو العزم
245 1 0 _aمن الحكى الشعبى :
_bحكايات المعلم احمد ابوالجدايل/
_cجمع ودراسة طلعت عبدالعزيز ابوالعزم
250 _aط.1
260 _aالقاهرة :
_bعين للدراسات و البحوث الانسانية و الاجتماعية ،
_c2014
300 _a102 ص؛
_c24 سم
600 _aاحمد ابوالجدايل .
650 0 7 _2qrmak
_aالقصص الشعبية
942 _2ddc
_cBK
999 _c63185
_d63185